Trước tiên, hãy phá bỏ hết những lề thói tư duy thông thường : những gì mà các nhà quản lý kiệt xuất trên thế giới thực hiện với một cách khác hẳn /

Kaydedildi:
Detaylı Bibliyografya
Yazar: Buckingham, Marcus
Materyal Türü: Kitap
Dil:Vietnamese
Baskı/Yayın Bilgisi: TR 2009
Etiketler: Etiketle
Etiket eklenmemiş, İlk siz ekleyin!
Thư viện lưu trữ: Mạng thư viện Đại học Đà Nẵng
LEADER 00819nam a2200265 4500
001 000027091
003 BU-MO
005 20150403120000.0
008 150403s vm 000 vie
020 |c 0,0000 
040 |a notts 
100 |a Buckingham, Marcus 
245 |a Trước tiên, hãy phá bỏ hết những lề thói tư duy thông thường : những gì mà các nhà quản lý kiệt xuất trên thế giới thực hiện với một cách khác hẳn /  |c Marcus Buckingham, Curt Coffman ; Huỳnh Văn Thanh dịch. 
260 |b TR  |c 2009 
OWN |a LTT 
999 |a From the UDN01 
TYP |a Monograph 
TYP |a Printed language 
980 |a Mạng thư viện Đại học Đà Nẵng